000 01178cam a22003737i 4500
001 1675
005 20250723154024.0
020 _a9780439858489
040 _aCLE
_beng
_cCLE
_erda
_dOCLCO
_dUPZ
_dOCLCO
_dBDX
_dDLC
050 0 0 _aPZ7.B6234
082 0 4 _a813.6
100 1 _aBloom, Suzanne
_d1950-
_eauthor
_eillustrator
245 1 2 _aA splendid friend, indeed /
_cSuzanne Bloom.
260 _bScholastic
300 _a30 unnumbered pages :
_bcolor illustrations ;
_c29 cm
500 _aCover title.
500 _aOn board pages.
505 _aC
520 _aWhen a studious polar bear meets an inquisitive goose, they learn to be friends.
521 _a150
_bLexile
521 _aC
_bRaz-Plus
650 0 _aFriendship
_vJuvenile fiction.
650 0 _aIndividuality
_vJuvenile fiction.
650 0 _aGeese
_vJuvenile fiction.
650 0 _aPolar bear
_vJuvenile fiction.
650 1 _aFriendship
_vFiction.
650 1 _aIndividuality
_vFiction.
650 1 _aGeese
_vFiction.
650 1 _aPolar bears
_vFiction.
650 1 _aBears
_vFiction.
655 0 _aBoard books.
906 _a7
_bcbc
_ccopycat
_d2
_encip
_f20
_gy-gencatlg
942 _2ddc
_cBK
_n0
999 _c1675
_d1675